Library Banner
Normal view MARC view

Entry Personal Name

Number of records used in: 1

001 - CONTROL NUMBER

  • control field: 11090

003 - CONTROL NUMBER IDENTIFIER

  • control field: PK-LaUMT

005 - DATE AND TIME OF LATEST TRANSACTION

  • control field: 20260420125741.0

008 - FIXED-LENGTH DATA ELEMENTS

  • fixed length control field: 260420|| aca||aabn | a|a d

040 ## - CATALOGING SOURCE

  • Original cataloging agency: PK-LaUMT
  • Transcribing agency: PK-LaUMT

100 ## - HEADING--PERSONAL NAME

  • Personal name: Hofmann, Murad Wilfried

670 ## - SOURCE DATA FOUND

  • Source citation: Work cat.: (PK-LaUMT)97929: Hofmann, Murad Wilfried, A philosophical approach to Islam /, 1983